[Event "XV Torneo Leonardo di Bona A"]
[Site "Cutro ITA"]
[Date "2009.04.22"]
[Round "5"]
[White "Vuelban, Virgilio"]
[Black "Blasco, Domenico"]
[Result "1-0"]
[WhiteElo "2422"]
[BlackElo "1989"]
[PlyCount "61"]
[EventDate "2009.04.18"]

1. e4 g6 2. d4 Bg7 3. Nc3 d6 4. Nf3 a6 5. Be3 b5 6. a4 b4 7. Ne2 Bb7 8. Ng3 Nd7
9. a5 Ngf6 10. Bd3 c5 11. c3 bxc3 12. bxc3 O-O 13. h3 Qc7 14. O-O e5 15. d5
Rfb8 16. Nd2 h5 17. Nc4 Bc8 18. Qd2 Kh7 19. f4 h4 20. Ne2 Nh5 21. f5 gxf5 22.
Rxf5 Ndf6 23. Rf3 Bd7 24. Bg5 Bb5 25. Raf1 Bxc4 26. Bxc4 Qe7 27. Qe3 Ra7 28.
Rf5 Rb2 29. Qf3 Rc2 30. Bxh4 Qd8 31. Rxh5+ 1-0

[Event "XV Torneo Leonardo di Bona A"]
[Site "Cutro ITA"]
[Date "2009.04.23"]
[Round "6"]
[White "Blasco, Domenico"]
[Black "Cordi', Domenico"]
[Result "0-1"]
[WhiteElo "1989"]
[BlackElo "2056"]
[PlyCount "98"]
[EventDate "2009.04.18"]

1. d4 c5 2. e3 Nf6 3. Nf3 g6 4. Be2 Bg7 5. O-O O-O 6. c4 cxd4 7. exd4 d5 8. Nc3
Nc6 9. h3 Be6 10. cxd5 Nxd5 11. Nxd5 Bxd5 12. Qa4 Qb6 13. Be3 Qxb2 14. Rfe1 Qb4
15. Qd1 Qd6 16. Qd2 Rac8 17. Red1 Rfd8 18. Rab1 Rd7 19. Bf4 Qa3 20. Ne5 Nxe5
21. dxe5 Be6 22. Qe1 Rxd1 23. Qxd1 b6 24. Qd2 Qc3 25. Qxc3 Rxc3 26. Rd1 h5 27.
g4 hxg4 28. Bxg4 Bxg4 29. hxg4 Rc4 30. Rd8+ Kh7 31. Bg3 Rxg4 32. Rd7 Bxe5 33.
Rxe7 Bxg3 34. fxg3 Rxg3+ 35. Kh2 Ra3 36. Rxf7+ Kh6 37. Rf2 b5 38. Kg1 a6 39.
Kf1 g5 40. Rh2+ Kg6 41. Ke1 g4 42. Kd1 g3 43. Rg2 Kg5 44. Kc1 Kg4 45. Kb2 b4
46. Rd2 Kf3 47. Rd4 a5 48. Rd5 g2 49. Rg5 Kf2 0-1

[Event "XV Torneo Leonardo di Bona A"]
[Site "Cutro ITA"]
[Date "2009.04.23"]
[Round "6"]
[White "Koziak, Vitali"]
[Black "Arnaudov, G. Petar"]
[Result "1/2-1/2"]
[WhiteElo "2475"]
[BlackElo "2449"]
[PlyCount "59"]
[EventDate "2009.04.18"]

1. e4 c5 2. Nf3 Nc6 3. c3 Nf6 4. e5 Nd5 5. d4 cxd4 6. Bc4 Nb6 7. Bb3 d5 8. exd6
Qxd6 9. O-O Be6 10. Na3 dxc3 11. Nb5 Qxd1 12. Rxd1 Rc8 13. Bxe6 fxe6 14. Nxc3
h6 15. Ne4 Kf7 16. b3 g5 17. Bb2 Bg7 18. Bxg7 Kxg7 19. Nc5 Nd8 20. Rac1 Nd5 21.
h4 gxh4 22. Nxh4 b6 23. Nxe6+ Nxe6 24. Rxc8 Rxc8 25. Rxd5 Rc1+ 26. Kh2 Rc2 27.
Nf5+ Kf6 28. Nxh6 Rxa2 29. Ng4+ Kf7 30. Rd3 1/2-1/2

[Event "XV Torneo Leonardo di Bona A"]
[Site "Cutro ITA"]
[Date "2009.04.23"]
[Round "6"]
[White "Malaniuk, Vladimir P."]
[Black "Tratar, Marko"]
[Result "1/2-1/2"]
[WhiteElo "2523"]
[BlackElo "2488"]
[PlyCount "39"]
[EventDate "2009.04.18"]

1. d4 d5 2. c4 c6 3. Nf3 Nf6 4. Nc3 a6 5. c5 Nbd7 6. Bf4 g6 7. h3 Bg7 8. e3 O-O
9. Be2 Ne8 10. O-O Nc7 11. Bh2 Re8 12. Na4 e5 13. Nb6 Nxb6 14. cxb6 Ne6 15.
Bxe5 Qxb6 16. Bxg7 Nxg7 17. Qd2 Nf5 18. b4 Nd6 19. Bd3 Bf5 20. Bxf5 1/2-1/2

[Event "XV Torneo Leonardo di Bona A"]
[Site "Cutro ITA"]
[Date "2009.04.23"]
[Round "6"]
[White "Marholev, Dimitar"]
[Black "Vuelban, Virgilio"]
[Result "1/2-1/2"]
[WhiteElo "2396"]
[BlackElo "2422"]
[PlyCount "93"]
[EventDate "2009.04.18"]

1. Nf3 Nf6 2. c4 g6 3. d4 Bg7 4. Nc3 d6 5. e4 O-O 6. h3 e5 7. dxe5 dxe5 8. Be3
c6 9. Qxd8 Rxd8 10. c5 Nbd7 11. Bc4 Re8 12. O-O-O Nf8 13. Ng5 Ne6 14. Nxe6 Bxe6
15. Bxe6 Rxe6 16. Rd3 Bf8 17. Rhd1 Kg7 18. g4 h6 19. f3 Ree8 20. Kc2 Be7 21. b4
Red8 22. Na4 Rxd3 23. Rxd3 Rd8 24. Nb2 Rxd3 25. Kxd3 Bd8 26. Nc4 Bc7 27. a4 a6
28. b5 axb5 29. axb5 cxb5 30. Na3 b4 31. Nb5 Bb8 32. Kc4 Nd7 33. Kxb4 h5 34.
Kc4 hxg4 35. hxg4 Kf6 36. Kd5 Ke7 37. Bg5+ f6 38. Bd2 Nf8 39. c6 bxc6+ 40. Kxc6
Ne6 41. Bb4+ Kf7 42. Kb7 Ng5 43. Kxb8 Nxf3 44. Nd6+ Ke6 45. Nc4 f5 46. gxf5+
gxf5 47. exf5+ 1/2-1/2

[Event "XV Torneo Leonardo di Bona A"]
[Site "Cutro ITA"]
[Date "2009.04.23"]
[Round "6"]
[White "Meijers, Viesturs"]
[Black "Nikolova, Adriana"]
[Result "1-0"]
[WhiteElo "2458"]
[BlackElo "2304"]
[PlyCount "81"]
[EventDate "2009.04.18"]

1. b3 Nf6 2. Bb2 b6 3. c4 e6 4. e3 Bb7 5. Nf3 d5 6. g3 c5 7. Bg2 Be7 8. O-O
dxc4 9. bxc4 O-O 10. Qe2 Nc6 11. Rd1 Qc7 12. Na3 Rac8 13. d4 cxd4 14. exd4 Na5
15. Rac1 Rfe8 16. Ne5 Bxg2 17. Kxg2 Qb7+ 18. Kg1 Red8 19. Nc2 Nd7 20. Nxd7 Rxd7
21. Ne3 Bf6 22. Ng4 Bg5 23. Rc2 Be7 24. d5 exd5 25. Nh6+ gxh6 26. Qg4+ Bg5 27.
h4 Rxc4 28. Rxc4 Nxc4 29. Bf6 Qc6 30. hxg5 Qe6 31. Qf4 Nd6 32. Rc1 h5 33. Rc6
h6 34. Be5 hxg5 35. Qxg5+ Kf8 36. Bf6 Qe1+ 37. Kg2 Qe4+ 38. Kh2 Qg6 39. Qe5 Qe4
40. Qxh5 Qg6 41. Qh8+ 1-0

[Event "XV Torneo Leonardo di Bona A"]
[Site "Cutro ITA"]
[Date "2009.04.23"]
[Round "6"]
[White "Mrdja, Milan"]
[Black "Genocchio, Daniele"]
[Result "1-0"]
[WhiteElo "2431"]
[BlackElo "2445"]
[PlyCount "83"]
[EventDate "2009.04.18"]

1. e4 e5 2. Nf3 Nc6 3. Bb5 Nf6 4. d3 Bc5 5. c3 O-O 6. O-O d6 7. Bg5 h6 8. Bh4
Qe7 9. a4 a6 10. Bxc6 bxc6 11. Nbd2 g5 12. Bg3 Bg4 13. Qc2 Bb6 14. Rfe1 Nh5 15.
d4 f6 16. a5 Ba7 17. Qd3 Qd7 18. Kh1 Be6 19. Rad1 Qf7 20. Ng1 f5 21. h3 exd4
22. cxd4 fxe4 23. Nxe4 Bc4 24. Qd2 Nxg3+ 25. fxg3 Rae8 26. Re3 Re6 27. Rde1
Rfe8 28. Nc3 Rf8 29. Nf3 Rxe3 30. Qxe3 Rb8 31. Kh2 Qf6 32. Qe4 Rxb2 33. Qxc6
Bf7 34. Nd5 Bxd5 35. Qxd5+ Qf7 36. Re8+ Kg7 37. Qe4 Qa2 38. Qe7+ Qf7 39. Qe4
Kf6 40. Rh8 Qg7 41. Re8 Qf7 42. d5 1-0

[Event "XV Torneo Leonardo di Bona A"]
[Site "Cutro ITA"]
[Date "2009.04.23"]
[Round "6"]
[White "Neubauer, Kai"]
[Black "Parrella, Alfredo"]
[Result "0-1"]
[WhiteElo "2020"]
[BlackElo "2093"]
[PlyCount "52"]
[EventDate "2009.04.18"]

1. d4 Nf6 2. c4 c5 3. d5 e6 4. Nc3 exd5 5. cxd5 d6 6. e4 a6 7. a4 g6 8. Bd3 Bg7
9. h3 O-O 10. Nf3 Re8 11. O-O c4 12. Bc2 Nbd7 13. Be3 Rb8 14. a5 b5 15. axb6
Nxb6 16. Nd4 Qc7 17. Nc6 Ra8 18. f3 Bb7 19. Na4 Nbxd5 20. exd5 Rxe3 21. Qd4
Nxd5 22. Qxd5 Bxc6 23. Qxc4 d5 24. Qc5 Rae8 25. Bb3 Rxb3 26. Rfc1 Re6 0-1

[Event "XV Torneo Leonardo di Bona A"]
[Site "Cutro ITA"]
[Date "2009.04.23"]
[Round "6"]
[White "Svetushkin, Dmitry"]
[Black "Inkiov, Ventzislav V."]
[Result "0-1"]
[WhiteElo "2615"]
[BlackElo "2471"]
[PlyCount "96"]
[EventDate "2009.04.18"]

1. d4 Nf6 2. c4 e6 3. Nc3 Bb4 4. Qc2 b6 5. a3 Bxc3+ 6. Qxc3 Bb7 7. Nf3 Ne4 8.
Qc2 O-O 9. e3 f5 10. Be2 d6 11. b4 c5 12. Bb2 Nd7 13. Rd1 Qe7 14. O-O Ndf6 15.
Nd2 cxb4 16. axb4 Ng4 17. Nxe4 Bxe4 18. Bd3 Bf3 19. h3 Qg5 20. Rfe1 Rf6 21. g3
Rh6 22. Be2 Bxe2 23. Qxe2 Rxh3 24. Qf3 Rf8 25. c5 d5 26. c6 b5 27. Rc1 Nh2 28.
Qe2 Qg4 29. Qxg4 fxg4 30. Red1 Rc8 31. Rc5 Nf3+ 32. Kf1 Rh1+ 33. Ke2 Rxd1 34.
Kxd1 h5 35. e4 g5 36. exd5 exd5 37. Rxd5 Rxc6 38. Rd7 Re6 39. d5 Re1+ 40. Kc2
Re2+ 41. Kc1 Ne5 42. Rd8+ Kf7 43. Bd4 h4 44. gxh4 gxh4 45. d6 Nc6 46. Rc8 Nxd4
47. d7 Nc6 48. Rxc6 Ke7 0-1

[Event "XV Torneo Leonardo di Bona A"]
[Site "Cutro ITA"]
[Date "2009.04.23"]
[Round "6"]
[White "Van Hoolandt, Patrick"]
[Black "Piccoli, Vincenzo"]
[Result "1-0"]
[WhiteElo "2224"]
[BlackElo "2016"]
[PlyCount "55"]
[EventDate "2009.04.18"]

1. d4 Nf6 2. c4 e6 3. Nf3 b6 4. Nc3 Bb4 5. Bg5 Bb7 6. e3 h6 7. Bh4 Bxc3+ 8.
bxc3 d6 9. Bd3 g5 10. Bg3 Nbd7 11. Qc2 Qe7 12. e4 O-O-O 13. O-O-O Nh5 14. Kb1
Nf4 15. Bxf4 gxf4 16. g3 fxg3 17. hxg3 f5 18. Rhe1 Rdf8 19. Nh4 Qf7 20. exf5
exf5 21. Bxf5 Qxc4 22. Bd3 Qf7 23. Ng6 Bf3 24. Nxh8 Bxd1 25. Ba6+ Kb8 26. Nxf7
Bxc2+ 27. Kxc2 Nf6 28. Nxh6 1-0

[Event "XV Torneo Leonardo di Bona A"]
[Site "Cutro ITA"]
[Date "2009.04.24"]
[Round "7"]
[White "Arnaudov, G. Petar"]
[Black "Meijers, Viesturs"]
[Result "1-0"]
[WhiteElo "2449"]
[BlackElo "2458"]
[PlyCount "83"]
[EventDate "2009.04.18"]

1. d4 e6 2. e4 b6 3. Bd3 Bb7 4. Qe2 d6 5. Nf3 Nd7 6. O-O Ne7 7. c4 g6 8. Nc3
Bg7 9. Be3 O-O 10. Qd2 Re8 11. Bh6 Bh8 12. d5 Bc8 13. h3 Nc5 14. Bc2 a5 15. b3
e5 16. Nh2 f5 17. f4 fxe4 18. g4 exf4 19. Bxf4 Bg7 20. Rae1 Kh8 21. Bg5 Rf8 22.
Nxe4 Rxf1+ 23. Nxf1 Nd7 24. Nxd6 cxd6 25. Rxe7 Qf8 26. Qf4 Ne5 27. Qxf8+ Bxf8
28. Bf6+ Kg8 29. Rc7 Nd7 30. Bd4 Be7 31. Ng3 Kf8 32. Ne4 h5 33. g5 Ne5 34. Bxe5
dxe5 35. Nf6 Bxh3 36. Bxg6 Rd8 37. Bxh5 Bf5 38. Kf2 Bb1 39. Ke2 Bxf6 40. gxf6
Bxa2 41. Rh7 Kg8 42. Bg6 1-0

[Event "XV Torneo Leonardo di Bona A"]
[Site "Cutro ITA"]
[Date "2009.04.24"]
[Round "7"]
[White "Bentivegna, Francesco"]
[Black "Vuelban, Virgilio"]
[Result "1/2-1/2"]
[WhiteElo "2326"]
[BlackElo "2422"]
[PlyCount "93"]
[EventDate "2009.04.18"]

1. e4 e6 2. d3 c5 3. Nf3 Nc6 4. g3 d5 5. Nbd2 Nge7 6. Bg2 g6 7. O-O Bg7 8. Nh4
O-O 9. f4 f5 10. c3 Rb8 11. exd5 exd5 12. Ndf3 d4 13. c4 Qd6 14. Re1 Bd7 15.
Bd2 h6 16. Ne5 Nxe5 17. fxe5 Qe6 18. b4 b6 19. b5 Kh7 20. Qb3 g5 21. Nf3 f4 22.
gxf4 gxf4 23. Kh1 Ng6 24. Qd1 Bc8 25. Qe2 Bb7 26. Rg1 Nxe5 27. Nxe5 f3 28. Qxf3
Rxf3 29. Nxf3 Qe2 30. Rae1 Qxd3 31. Bf4 Rf8 32. Ne5 Bxe5 33. Bxb7 Rxf4 34. Rxe5
Qxc4 35. Re7+ Kh8 36. Re8+ Kh7 37. Re7+ Kh8 38. Re8+ Kh7 39. Re7+ Kh8 40. Re8+
Kh7 41. Re7+ Kh8 42. Re8+ Kh7 43. Re7+ Kh8 44. Re8+ Kh7 45. Re7+ Kh8 46. Re8+
Kh7 47. Re7+ 1/2-1/2

[Event "XV Torneo Leonardo di Bona A"]
[Site "Cutro ITA"]
[Date "2009.04.24"]
[Round "7"]
[White "Cordi', Domenico"]
[Black "Marholev, Dimitar"]
[Result "0-1"]
[WhiteElo "2056"]
[BlackElo "2396"]
[PlyCount "101"]
[EventDate "2009.04.18"]

1. d4 Nf6 2. c4 c5 3. d5 e6 4. Nc3 exd5 5. cxd5 Bd6 6. g3 O-O 7. Bg2 a6 8. a4
Bc7 9. e4 d6 10. Nge2 Nbd7 11. O-O Rb8 12. Bd2 Re8 13. Qb1 Ba5 14. Qc2 b5 15.
axb5 axb5 16. Rfe1 b4 17. Nb1 b3 18. Qd1 Bxd2 19. Nxd2 Ne5 20. Nc3 c4 21. Qe2
Rb4 22. h3 Qc7 23. Qe3 Nd3 24. Reb1 Nd7 25. Ra7 Qb8 26. Qd4 N7c5 27. Raa1 f5
28. f3 f4 29. g4 Bd7 30. Bf1 Ne5 31. Kg2 Qd8 32. Ra7 Ncd3 33. Bxd3 Nxd3 34. Ne2
h5 35. Rh1 Qc8 36. Raa1 Ne5 37. Rhg1 Rf8 38. Kf1 hxg4 39. hxg4 Qb8 40. Kg2 c3
41. Qxc3 Rc8 42. Ra8 Qxa8 43. Qxb4 Rc2 44. Rd1 Qa7 45. Qd4 Qa6 46. Ng1 Qd3 47.
Qf2 Nc4 48. Qh4 Rxd2+ 49. Rxd2 Qxd2+ 50. Kh1 Ne5 51. g5 0-1

[Event "XV Torneo Leonardo di Bona A"]
[Site "Cutro ITA"]
[Date "2009.04.24"]
[Round "7"]
[White "Drasko, Milan"]
[Black "Mrdja, Milan"]
[Result "1-0"]
[WhiteElo "2527"]
[BlackElo "2431"]
[PlyCount "71"]
[EventDate "2009.04.18"]

1. d4 Nf6 2. c4 c5 3. d5 g6 4. Nf3 Bg7 5. g3 O-O 6. Bg2 d6 7. O-O e6 8. dxe6
Bxe6 9. Ng5 Bxc4 10. Bxb7 Nbd7 11. Na3 Rb8 12. Nxc4 Rxb7 13. Nxd6 Rb4 14. Qc2
Qe7 15. a3 Rg4 16. Rd1 Nb6 17. e4 Ne8 18. Qxc5 h6 19. Nh3 Nxd6 20. f3 Qf6 21.
fxg4 Nxe4 22. Qe3 Qc6 23. Qf3 Nc4 24. Nf2 f5 25. Bf4 Nxb2 26. Rd6 Qc2 27. Rc1
Qxf2+ 28. Qxf2 Nxf2 29. Kxf2 g5 30. Be3 fxg4+ 31. Ke2 Na4 32. Bd4 Bxd4 33. Rxd4
Nb6 34. Rc7 Rf7 35. Rxf7 Kxf7 36. Rxg4 1-0

[Event "XV Torneo Leonardo di Bona A"]
[Site "Cutro ITA"]
[Date "2009.04.24"]
[Round "7"]
[White "Epishin, Vladimir V."]
[Black "Georgiev, Vladimir"]
[Result "1/2-1/2"]
[WhiteElo "2591"]
[BlackElo "2539"]
[PlyCount "51"]
[EventDate "2009.04.18"]

1. d4 Nf6 2. c4 e6 3. Nf3 d5 4. e3 a6 5. Nbd2 c5 6. Be2 dxc4 7. Nxc4 Nbd7 8.
O-O b5 9. Nce5 Bb7 10. a4 b4 11. a5 Bd6 12. Nc4 Be7 13. dxc5 Nxc5 14. Qxd8+
Rxd8 15. Nd4 Nd5 16. Bd2 Bf6 17. Rad1 O-O 18. g3 g6 19. Be1 Ba8 20. Nf3 Bc6 21.
Nce5 Ba4 22. Rc1 Nb3 23. Rb1 Nc5 24. Rc1 Nb3 25. Rb1 Nc5 26. Rc1 1/2-1/2

[Event "XV Torneo Leonardo di Bona A"]
[Site "Cutro ITA"]
[Date "2009.04.24"]
[Round "7"]
[White "Inkiov, Ventzislav V."]
[Black "Naumkin, Igor"]
[Result "1/2-1/2"]
[WhiteElo "2471"]
[BlackElo "2488"]
[PlyCount "26"]
[EventDate "2009.04.18"]

1. d4 Nf6 2. c4 e6 3. Nc3 Bb4 4. e3 c5 5. Nf3 O-O 6. Bd3 d5 7. O-O b6 8. a3
Bxc3 9. bxc3 Ba6 10. cxd5 exd5 11. Bxa6 Nxa6 12. Qd3 Qc8 13. Nd2 Qb7 1/2-1/2

[Event "XV Torneo Leonardo di Bona A"]
[Site "Cutro ITA"]
[Date "2009.04.24"]
[Round "7"]
[White "Neubauer, Kai"]
[Black "Blasco, Domenico"]
[Result "1/2-1/2"]
[WhiteElo "2020"]
[BlackElo "1989"]
[PlyCount "189"]
[EventDate "2009.04.18"]

1. d4 g6 2. c4 Bg7 3. Nf3 c5 4. e3 Nf6 5. Nc3 O-O 6. Bd3 cxd4 7. exd4 d5 8. O-O
Nc6 9. Be3 Bg4 10. h3 Bxf3 11. Qxf3 e5 12. Nxd5 Nxd5 13. cxd5 Nb4 14. Bc4 exd4
15. Bd2 Qd6 16. a3 Na6 17. Bxa6 Qxa6 18. Rac1 Rac8 19. Rfe1 Qf6 20. Qe4 Rfd8
21. Bb4 Bf8 22. Rxc8 Rxc8 23. Bxf8 Kxf8 24. Rd1 d3 25. Qxd3 Qxb2 26. d6 Qe5 27.
d7 Rd8 28. Rc1 Qf5 29. Qd4 Rxd7 30. Qh8+ Ke7 31. Re1+ Kd6 32. Rd1+ Kc7 33. Rc1+
Kd6 34. Qf8+ Ke6 35. Qe8+ Kf6 36. Qh8+ Ke7 37. Re1+ Kd6 38. Qd4+ Kc7 39. Rc1+
Kd8 40. Qh8+ Ke7 41. Re1+ Kd6 42. Qb8+ Kc6 43. Qxa7 Rd5 44. a4 Re5 45. Ra1 Ra5
46. Qb8 Rc5 47. Qd8 Qd7 48. Qf6+ Qe6 49. Qf3+ Qd5 50. Qa3 b6 51. Rb1 Kc7 52.
Qb4 Qd6 53. Qb3 Qe6 54. Qg3+ Kb7 55. Qf3+ Ka7 56. Rd1 f5 57. Rd8 Rc8 58. Rd5
Rc1+ 59. Kh2 Rc5 60. Rxc5 bxc5 61. Qc3 Qd6+ 62. g3 Qb6 63. h4 h5 64. Qc4 Qc6
65. a5 Kb7 66. Kg1 Qd6 67. Qb5+ Ka7 68. Qb3 Ka6 69. Qc3 Kb5 70. Qe1 c4 71. Qc3
Qd1+ 72. Kg2 Qd5+ 73. Kg1 Qc5 74. Kg2 Qc6+ 75. Kg1 Ka4 76. Qa1+ Kb5 77. Qc3 Ka6
78. Kh2 Qb5 79. Kg2 Qd5+ 80. f3 Kb5 81. Kf2 Qc5+ 82. Ke2 Qe7+ 83. Kd2 Qd6+ 84.
Kc2 Qxg3 85. a6 Qf2+ 86. Kc1 Qf1+ 87. Kb2 Kxa6 88. Qf6+ Kb5 89. Qe5+ Kc6 90.
Qe6+ Kb5 91. Qd5+ Kb4 92. Qd6+ Kb5 93. Qd5+ Ka4 94. Qc6+ Ka5 95. Qc5+ 1/2-1/2

[Event "XV Torneo Leonardo di Bona A"]
[Site "Cutro ITA"]
[Date "2009.04.24"]
[Round "7"]
[White "Parrella, Alfredo"]
[Black "Genocchio, Daniele"]
[Result "0-1"]
[WhiteElo "2093"]
[BlackElo "2445"]
[PlyCount "98"]
[EventDate "2009.04.18"]

1. e4 g6 2. d4 d6 3. Be3 Bg7 4. Nc3 a6 5. Qd2 Nd7 6. Bd3 b5 7. a4 b4 8. Nd1 a5
9. c3 bxc3 10. bxc3 Ngf6 11. f3 O-O 12. Ne2 c6 13. O-O e5 14. Nf2 d5 15. Rab1
Re8 16. Bh6 Ba6 17. Bxg7 Kxg7 18. Bxa6 Rxa6 19. Ng3 h6 20. Rfe1 Rb6 21. Red1
Qb8 22. Qc2 Qa7 23. Rxb6 Qxb6 24. Rb1 Qa7 25. Qd3 Rb8 26. Rxb8 Qxb8 27. dxe5
Qxe5 28. Ne2 dxe4 29. fxe4 Nb6 30. Qd1 Nxe4 31. Nxe4 Qxe4 32. Qd4+ Qxd4+ 33.
Nxd4 c5 34. Nb3 Nxa4 35. c4 Kf6 36. Kf2 Ke5 37. Ke3 f5 38. Nxa5 g5 39. Nc6+ Kd6
40. Nd8 Ke7 41. Nc6+ Kd6 42. Nd8 Nb2 43. Nf7+ Ke6 44. Nxh6 Nxc4+ 45. Ke2 Ne5
46. h3 Nf7 47. Ng8 Nd6 48. g4 Kf7 49. Nh6+ Kg7 0-1

[Event "XV Torneo Leonardo di Bona A"]
[Site "Cutro ITA"]
[Date "2009.04.24"]
[Round "7"]
[White "Piccoli, Vincenzo"]
[Black "Nikolova, Adriana"]
[Result "0-1"]
[WhiteElo "2016"]
[BlackElo "2304"]
[PlyCount "70"]
[EventDate "2009.04.18"]

1. e4 c5 2. Nf3 d6 3. d4 cxd4 4. Nxd4 Nf6 5. Nc3 a6 6. g3 e5 7. Nde2 Be7 8. a4
Nbd7 9. Bg2 O-O 10. h3 h5 11. Bg5 b6 12. Bxf6 Nxf6 13. Nd5 Nxd5 14. Qxd5 Be6
15. Qd1 Qd7 16. Nc3 g6 17. Nd5 Bd8 18. Qd3 Kg7 19. Ne3 Bg5 20. b3 Bxe3 21. Qxe3
b5 22. axb5 axb5 23. Rd1 Rfc8 24. Qd3 Ra2 25. Rc1 b4 26. O-O Rc3 27. Qd1 Qc7
28. Qe1 Qc5 29. Kh1 Raxc2 30. Rxc2 Rxc2 31. f4 exf4 32. gxf4 Qc3 33. Qh4 Qd2
34. Rg1 Qf2 35. Qg5 Bxh3 0-1

[Event "XV Torneo Leonardo di Bona A"]
[Site "Cutro ITA"]
[Date "2009.04.24"]
[Round "7"]
[White "Rusev, Krasimir"]
[Black "Malaniuk, Vladimir P."]
[Result "1/2-1/2"]
[WhiteElo "2498"]
[BlackElo "2523"]
[PlyCount "138"]
[EventDate "2009.04.18"]

1. d4 f5 2. Nf3 g6 3. c4 Nf6 4. g3 Bg7 5. b4 O-O 6. Bg2 d6 7. Bb2 e5 8. dxe5
dxe5 9. Qxd8 Rxd8 10. Nxe5 Ne4 11. f3 Nd6 12. Nd2 Be6 13. Rc1 c6 14. a4 Na6 15.
b5 Nc5 16. bxc6 bxc6 17. f4 Rac8 18. Ba3 Nde4 19. Nxe4 Nxe4 20. Bxe4 fxe4 21.
Kf2 Rd2 22. Ke3 Ra2 23. Ra1 Bxc4 24. Rxa2 Bxa2 25. Bc5 Rb8 26. Ra1 Rb2 27. Bxa7
Bc4 28. Kxe4 Bxe2 29. Bd4 Rb3 30. a5 Ba6 31. Nxc6 Bb7 32. Rc1 Ra3 33. Bxg7 Kxg7
34. Ke5 Bxc6 35. Rxc6 Rxa5+ 36. Ke6 h5 37. Rd6 Kh6 38. Kf7 Ra7+ 39. Kf6 Ra5 40.
Kf7 Ra7+ 41. Ke6 Ra5 42. h3 Rf5 43. Rd8 Kg7 44. Rd7+ Kh6 45. Rd4 Kg7 46. Rd7+
Kh6 47. Rd5 Rf8 48. Ke7 Kg7 49. Rd4 Rf7+ 50. Ke6 Rf6+ 51. Ke5 Rf5+ 52. Ke4 Rf7
53. Rd5 Re7+ 54. Re5 Ra7 55. Kf3 Rb7 56. Re3 Ra7 57. Rb3 Ra6 58. Rc3 Ra7 59.
Ke4 Ra4+ 60. Ke5 Ra5+ 61. Kd6 Ra6+ 62. Kd5 Ra5+ 63. Rc5 Ra3 64. Rc7+ Kf6 65. g4
Rxh3 66. Rc6+ Kf7 67. Rc7+ Kf6 68. Rc6+ Kg7 69. Re6 Kg8 1/2-1/2

[Event "XV Torneo Leonardo di Bona A"]
[Site "Cutro ITA"]
[Date "2009.04.24"]
[Round "7"]
[White "Svetushkin, Dmitry"]
[Black "Van Hoolandt, Patrick"]
[Result "1-0"]
[WhiteElo "2615"]
[BlackElo "2224"]
[PlyCount "59"]
[EventDate "2009.04.18"]

1. d4 Nf6 2. c4 e6 3. Nf3 d5 4. Nc3 Bb4 5. Qa4+ Nc6 6. a3 Bxc3+ 7. bxc3 O-O 8.
Bg5 h6 9. Bxf6 Qxf6 10. e3 Qg6 11. Be2 Bd7 12. cxd5 exd5 13. O-O Bh3 14. Ne1
Rfd8 15. c4 a6 16. Rc1 dxc4 17. Qxc4 Be6 18. Qc3 Rab8 19. Nd3 Bf5 20. Rfd1 Rd6
21. Nf4 Qf6 22. d5 Qxc3 23. Rxc3 Rbd8 24. Re1 Ne5 25. Rxc7 b5 26. e4 Bxe4 27.
Bf1 f5 28. f3 Bxd5 29. Rxe5 Bb3 30. Ree7 1-0

[Event "XV Torneo Leonardo di Bona A"]
[Site "Cutro ITA"]
[Date "2009.04.25"]
[Round "8"]
[White "Arnaudov, G. Petar"]
[Black "Inkiov, Ventzislav V."]
[Result "1/2-1/2"]
[WhiteElo "2449"]
[BlackElo "2471"]
[PlyCount "99"]
[EventDate "2009.04.18"]

1. d4 Nf6 2. c4 e6 3. Nf3 Bb4+ 4. Bd2 Qe7 5. g3 O-O 6. Bg2 Bxd2+ 7. Qxd2 d6 8.
O-O e5 9. Nc3 Re8 10. dxe5 dxe5 11. Ng5 h6 12. Nge4 Nxe4 13. Bxe4 c6 14. Qe3
Be6 15. b3 Nd7 16. Rfd1 Nf6 17. Bg2 Ng4 18. Qc1 f5 19. h3 Nf6 20. Qe3 Bf7 21.
Qd3 e4 22. Qd6 e3 23. Qxe7 Rxe7 24. Rd6 Rae8 25. Rad1 Bh5 26. Rd8 g5 27. Rxe8+
Rxe8 28. fxe3 Rxe3 29. Rd3 Re7 30. Kf2 Kg7 31. Rd6 Bf7 32. Nd1 Nh5 33. Bf3 f4
34. g4 Nf6 35. e3 fxe3+ 36. Nxe3 Bg6 37. Nf1 a5 38. Nd2 Kf7 39. a3 Rd7 40.
Rxd7+ Nxd7 41. Ke3 Ke6 42. b4 axb4 43. axb4 Ne5 44. Be4 Bxe4 45. Kxe4 b6 46. c5
bxc5 47. bxc5 Nd7 48. Kd4 Nf6 49. Nf3 Nd7 50. Nd2 1/2-1/2

[Event "XV Torneo Leonardo di Bona A"]
[Site "Cutro ITA"]
[Date "2009.04.25"]
[Round "8"]
[White "Blasco, Domenico"]
[Black "Parrella, Alfredo"]
[Result "1/2-1/2"]
[WhiteElo "1989"]
[BlackElo "2093"]
[PlyCount "57"]
[EventDate "2009.04.18"]

1. d4 Nf6 2. Nf3 d5 3. e3 Bg4 4. Be2 e6 5. O-O Bd6 6. c4 dxc4 7. Qa4+ Nc6 8.
Nc3 O-O 9. Qxc4 a6 10. a3 e5 11. d5 b5 12. Qa2 e4 13. dxc6 exf3 14. Bxf3 Bxf3
15. gxf3 Qe8 16. e4 Qxc6 17. Bg5 Be5 18. Rac1 Qb6 19. Rfd1 h6 20. Be3 Qb7 21.
Nd5 c6 22. Nxf6+ Bxf6 23. b4 Rfd8 24. Rxd8+ Rxd8 25. Qc2 Rc8 26. Rd1 Rd8 27.
Rc1 Rc8 28. Rd1 Rd8 29. Rc1 1/2-1/2

[Event "XV Torneo Leonardo di Bona A"]
[Site "Cutro ITA"]
[Date "2009.04.25"]
[Round "8"]
[White "Cordi', Domenico"]
[Black "Neubauer, Kai"]
[Result "0-1"]
[WhiteElo "2056"]
[BlackElo "2020"]
[PlyCount "104"]
[EventDate "2009.04.18"]

1. d4 d5 2. c4 e6 3. Nf3 Nf6 4. Nc3 Be7 5. Bg5 Nbd7 6. e3 O-O 7. Bd3 b6 8. cxd5
exd5 9. O-O Bb7 10. Rc1 a6 11. Qe2 Re8 12. Bf4 c5 13. dxc5 bxc5 14. Qd1 Nf8 15.
Re1 Ng6 16. Bg3 Nh5 17. Bc2 Nxg3 18. hxg3 Qd6 19. Ba4 Red8 20. Qd3 Ne5 21. Nxe5
Qxe5 22. Red1 Rac8 23. Ne2 Rd6 24. Nf4 d4 25. exd4 Rxd4 26. Qc3 g5 27. Bd7
Rxd1+ 28. Rxd1 Qxc3 29. bxc3 gxf4 30. Bxc8 Bxc8 31. gxf4 Be6 32. a3 Kg7 33. Kf1
Kf6 34. Ke1 Kf5 35. g3 Ke4 36. Kd2 Kf3 37. Rh1 Kxf2 38. Rxh7 Kxg3 39. f5 Bc4
40. Ke3 Bg5+ 41. Ke4 Bf6 42. Rh6 Bxc3 43. Rc6 Bd4 44. a4 Bf1 45. Rc7 f6 46.
Rg7+ Kf2 47. Rg8 Be5 48. Re8 Bd4 49. Re6 Ke1 50. Kd5+ Kd2 51. Kd6 Bd3 52. a5
Bb5 0-1

[Event "XV Torneo Leonardo di Bona A"]
[Site "Cutro ITA"]
[Date "2009.04.25"]
[Round "8"]
[White "Genocchio, Daniele"]
[Black "Tratar, Marko"]
[Result "0-1"]
[WhiteElo "2445"]
[BlackElo "2488"]
[PlyCount "94"]
[EventDate "2009.04.18"]

1. d4 e6 2. c4 Bb4+ 3. Nc3 c5 4. d5 Nf6 5. f3 Bxc3+ 6. bxc3 e5 7. e4 d6 8. Bd3
Nbd7 9. Ne2 Qa5 10. O-O h6 11. Bd2 Nf8 12. f4 exf4 13. Bxf4 Qc7 14. Ng3 Ng6 15.
Nh5 Nxh5 16. Qxh5 Nxf4 17. Rxf4 O-O 18. Raf1 Qe7 19. Rf6 Bd7 20. Rxh6 gxh6 21.
Rf3 f5 22. Rg3+ Kh8 23. Qxh6+ Qh7 24. Qxd6 Rg8 25. Qf6+ Rg7 26. e5 Kg8 27. e6
Rxg3 28. hxg3 Rf8 29. exd7 Rxf6 30. d8=Q+ Rf8 31. Qd6 Qg7 32. Qe6+ Qf7 33. Qe3
Qf6 34. Qxc5 Qxc3 35. Qe3 b6 36. Qe6+ Kg7 37. Bxf5 Qf6 38. Qxf6+ Kxf6 39. Be6
Ke5 40. g4 Rf4 41. g5 Rxc4 42. Kh2 b5 43. Kh3 b4 44. g4 Rc2 45. Bf5 Rxa2 46. d6
Kxd6 47. g6 Ke7 0-1

[Event "XV Torneo Leonardo di Bona A"]
[Site "Cutro ITA"]
[Date "2009.04.25"]
[Round "8"]
[White "Meijers, Viesturs"]
[Black "Mrdja, Milan"]
[Result "1-0"]
[WhiteElo "2458"]
[BlackElo "2431"]
[PlyCount "71"]
[EventDate "2009.04.18"]

1. c4 g6 2. b3 Bg7 3. Nc3 c5 4. Bb2 Nc6 5. e3 e5 6. a3 Nge7 7. Qc2 O-O 8. h4 d5
9. cxd5 Nxd5 10. Nf3 Bf5 11. d3 Nxc3 12. Qxc3 Re8 13. h5 Rc8 14. hxg6 hxg6 15.
Be2 Qe7 16. Rc1 b6 17. Kf1 Bf6 18. g3 Kg7 19. Kg2 Nd4 20. Bd1 Nb5 21. Qd2 Rh8
22. Be2 a6 23. a4 Na7 24. d4 cxd4 25. exd4 e4 26. Nh4 Rxc1 27. Nxf5+ gxf5 28.
Rxh8 Kxh8 29. Qxc1 b5 30. Ba3 Qd8 31. Qh6+ Kg8 32. d5 bxa4 33. bxa4 e3 34. d6
Bg5 35. Qh5 exf2 36. Bc4 1-0